000 00773nam a22002297a 4500
999 _c9420
_d9420
003 AR-CdUCM
008 190328b ||||| |||| 00| 0 spa d
040 _aMUNICIPALIDAD PROVINCIAL DEL CUSCO
_cBIBLIOTECA MUNICIPAL DEL CUSCO
082 _a869.56 /
_bD93
100 _aDos Santos, Estela
_925598
245 _aPoesía y prosa del África negra /
260 _aBuenos Aires :
_bCentro Editor de América Latina,
_c1970.
300 _a60 páginas ;
_c16 cm.
440 _aBiblioteca básica universal
_96873
500 _aDonación familia Nieto
505 _aContenido: Literatura oral -- Literatura escrita .
650 _aLiteratura
_983
650 _aPoesía africana
_925599
650 _aSeleccion de poemas negros
_925600
942 _2ddc
_cLIBROS
945 _adavv